Historias con tangos y corridos
Збережено в:
| Автор: | |
|---|---|
| Формат: | Книга |
| Мова: | Undetermined |
| Опубліковано: |
La Habana, Cuba
Casa de las Américas
1976
|
| Предмети: | |
| Теги: |
Додати тег
Немає тегів, Будьте першим, хто поставить тег для цього запису!
|
MARC
| LEADER | 00000nam a2200000Ia 4500 | ||
|---|---|---|---|
| 008 | 170316s9999 xx 000 0 und d | ||
| 040 | |a cru BVZT | ||
| 090 | |a 860 O-5h | ||
| 100 | |a Orgambide, Pedro | ||
| 245 | |a Historias con tangos y corridos | ||
| 260 | |a La Habana, Cuba | ||
| 260 | |b Casa de las Américas | ||
| 260 | |c 1976 | ||
| 300 | |a 180 páginas | ||
| 650 | |a LITERATURA LATINOAMERICANA | ||
| 999 | |c 9040 |d 9040 | ||
| 942 | |c 15 D |h 860 O-5h |2 z | ||
